00351nam a2200109Ia 4500008004100000082001600041100002300057245003100080260003400111630001800145650007800163211109s9999||||xx |||||||||||||| ||und|| a821 bBAN-L aBanerjee, Srikumar 0aLeaves from English Poetry bOrient LongmansaBombayc1953 xGeneral Stack aLITERATURE & RHETORICvENGLISH & OLD ENGLISH LITERATURESPOETRYxGeneralia